=LDR 00000nam 2200000 4500 =001 INLIS000000000015671 =005 20130612110939 =008 ***********************************Ind** =035 ##$$0010-061300000015671 =041 ##$$a Ind =082 ##$$a 028.5 =090 ##$$a 028.5, Bas a =100 ##$$a Basya, Abdurrahman Ra'fat =245 ##$$a Abdurrahman Al-Ghafiqi idmbak Jihad II, Dr. Abdurrahman Ra;fat Basya; penerjemah, Masykur Ab =250 ##$$a Seri Kisah Para Tabi'in =260 ##$$b cet. 1 =300 ##$$a Bandung, Mizan, 1993 =650 ##$$a Bacaan Anak-anak =700 ##$$a Masykur Ab =850 ##$$a NBPNMAT